UM Logo

Auditing and assurance : (Record no. 17407)

MARC details
000 -LEADER
fixed length control field 00790nam a2200193 4500
008 - FIXED-LENGTH DATA ELEMENTS--GENERAL INFORMATION
fixed length control field 221008b ||||| |||| 00| 0 eng d
020 ## - INTERNATIONAL STANDARD BOOK NUMBER
International Standard Book Number 9786214161195
082 ## - DEWEY DECIMAL CLASSIFICATION NUMBER
Edition number 2022
Classification number DFil 657.45
Item number C112
100 ## - MAIN ENTRY--PERSONAL NAME
Personal name Cabrera, Ma. Elenita Balatbat.
9 (RLIN) 46324
245 ## - TITLE STATEMENT
Title Auditing and assurance :
Remainder of title concepts and applications /
Statement of responsibility, etc. Ma. Elenita Balatbat Cabrera, Gilbert Anthony B. Cabrera and Bernadette Ann B. Cabrera.
250 ## - EDITION STATEMENT
Edition statement 2022 edition.
260 ## - PUBLICATION, DISTRIBUTION, ETC. (IMPRINT)
Place of publication, distribution, etc. Manila, Philippines :
Name of publisher, distributor, etc. GIC Enterprises & Co,
Date of publication, distribution, etc. ©2022.
300 ## - PHYSICAL DESCRIPTION
Extent xx, 800 pages ;
Other physical details illustrations ;
Dimensions 23 cm.
500 ## - GENERAL NOTE
General note Includes bibliographical references.
650 ## - SUBJECT ADDED ENTRY--TOPICAL TERM
Topical term or geographic name as entry element Auditing.
9 (RLIN) 46325
700 ## - ADDED ENTRY--PERSONAL NAME
Personal name Cabrera, Gilbert Anthony B.,
Relator term author.
9 (RLIN) 30929
700 ## - ADDED ENTRY--PERSONAL NAME
Personal name Cabrera, Bernadette Ann B.,
Relator term author.
9 (RLIN) 46326
942 ## - ADDED ENTRY ELEMENTS (KOHA)
Source of classification or shelving scheme Dewey Decimal Classification
Koha item type Filipiniana
Holdings
Withdrawn status Lost status Source of classification or shelving scheme Damaged status Not for loan Collection code Home library Current library Shelving location Date acquired Source of acquisition Cost, normal purchase price Total Checkouts Total Renewals Full call number Barcode Date last seen Date last checked out Copy number Price effective from Koha item type
    Dewey Decimal Classification     Filipiniana UM Digos College - LIC UM Digos College - LIC Book Cart 08/16/2022 Purchased 1850.00 27 1 DFil 657.45 C112 2022 26793 02/11/2026 02/09/2026 1 10/08/2022 Filipiniana